Statistiques concernant Petit bac Harry Potter - R

Cliquez ici pour prendre le quiz!

Statistiques générales

  • Ce quiz a été pris 363 fois
    (324 depuis la dernière actualisation)
  • Le résultat moyen est 3 sur 6

Statistiques - réponses

ThèmeMot% Correct
PersonnageSeverus Rogue / Argus Rusard / Madame Rosmerta / Stanley Rocade / Evan Rosier / Ragnok / Thorfinn Rowle / Ronan / Augustus Rookwood
90%
SortilègeReducto / Riddikulus / Recurvite / Reparo / Rictusempra / Repulso / Revigor / Repello Moldum / Redactum Cranius
72%
ObjetRetourneur de temps / Rapeltout / Reliques de la Mort / Reliques des Fondateurs
57%
Groupe de personnesRafleurs
40%
Potion / Ingrédient de potionsPotion de Ratatinage / Potion de Régénération sanguine / Remontant de Pomfresh
9%
CréatureRe'em / Rémora / Ronflak Cornu
4%

Distribution des résultats

Percentile par nombre de réponses

% des personnes avec chaque résultat

Votre développement - résultats

Vous n’avez pas pris ce quiz depuis la dernière actualisation